00493nam a2200157Ia 4500008004100000020001800041082001500059100005800074245003000132250000800162260004400170300003100214500001900245600002100264650005000285240925s9999 xx 000 0 und d a9788126554270 a005.43 SIL aSilberschatz, Abraham ; Galvin, Peter B.; Gagne, Gerg 0aOperating system concepts a9th aNew Delhi:bJohn Wiley and Sonsc,2016. aVarious pagesb0fOriginal aIncludes Index aComputer Science aComputer science, information & general works